Municipalities of Almería (Spain) - Statistics

General Stats
  • This quiz has been taken 76 times
  • The average score is 38 of 103
Answers on the Map
Answers color-coded by a green-red scale on the quiz's map according to % correct below.
 
Answer Stats
Answer % Correct
Almería
98%
El Ejido
93%
Roquetas de Mar
91%
Vera
83%
Huércal-Overa
80%
Mojácar
80%
Níjar
76%
Adra
74%
Carboneras
74%
Tabernas
74%
Vícar
74%
Huércal de Almería
72%
Vélez-Rubio
70%
Garrucha
67%
Pulpí
67%
Vélez-Blanco
67%
Enix
59%
Viator
59%
Albox
57%
Alhama de Almería
54%
Berja
54%
La Mojonera
54%
Macael
52%
Pechina
50%
Dalías
48%
Felix
48%
Laujar de Andarax
48%
Balanegra
46%
Cuevas del Almanzora
46%
Olula del Río
46%
Benahadux
43%
Gádor
43%
María
43%
Nacimiento
41%
Abrucena
39%
Serón
39%
Sorbas
39%
Abla
37%
Cantoria
37%
Fiñana
37%
Fondón
37%
Gérgal
37%
Rioja
37%
Alboloduy
35%
Padules
35%
Purchena
35%
Bayárcal
33%
Canjáyar
33%
Taberno
33%
Alcolea
30%
Antas
30%
Chirivel
30%
Instinción
30%
Lucainena de las Torres
30%
Huécija
28%
Tíjola
28%
Turre
28%
Alicún
26%
Almócita
26%
Rágol
26%
Santa Fe de Mondújar
26%
Terque
26%
Turrillas
26%
Bédar
24%
Fines
24%
Íllar
24%
Olula de Castro
24%
Uleila del Campo
24%
Alhabia
22%
Arboleas
22%
Las Tres Villas
22%
Los Gallardos
22%
Lubrín
22%
Paterna del Río
22%
Zurgena
22%
Alcóntar
20%
Alsodux
20%
Bacares
20%
Bayarque
20%
Benitagla
20%
Bentarique
20%
Lúcar
20%
Tahal
20%
Ohanes
17%
Oria
17%
Partaloa
17%
Santa Cruz de Marchena
17%
Somontín
17%
Velefique
17%
Beires
15%
Benizalón
15%
Chercos
15%
Laroya
15%
Senés
15%
Sierro
15%
Castro de Filabres
13%
Líjar
13%
Urrácal
13%
Albánchez
11%
Alcudia de Monteagud
11%
Armuña de Almanzora
11%
Suflí
11%
Cóbdar
4%
No matching quizzes found
Score Distribution
Percent of People with Each Score
Percentile by Number Answered
Your Score History
You have not taken this quiz